| 000 | 01305nam0a22002771 4500 | ||
|---|---|---|---|
| 001 | rc\92167 | ||
| 005 | 20260405142123.0 | ||
| 035 | _a(NLR Aleph) 005358057 | ||
| 090 |
_a6868298 _c6868298 |
||
| 100 | _a20021216d1993 |||y0rusy50 ca | ||
| 101 | 0 | _arus | |
| 102 | _aRU | ||
| 105 | _aa ||||||||| | ||
| 200 | 1 |
_aПогребальные обряды на севере Хазарии (Маяцкий могильник) _fИн-т археологии Рос. акад. наук и др. |
|
| 210 |
_aВолгоград _cПеремена _d1993 |
||
| 215 |
_a143 с. _cил. _d28 |
||
| 225 | 1 |
_aМатериалы и проблемы исследований по древней и средневековой археологии юга Восточной Европы _vВып. 1 |
|
| 300 | _aВ надзаг. также: Волгогр. гос. ун-т, Волгогр. гос. пед. ин-т, Гос. музей-заповедник "Дивногорье", Т-во "Клио" | ||
| 320 | _aБиблиогр.: с. 71-74 | ||
| 700 | 1 |
_8rus _7ca _aФлеров _bВ. С. _cканд. ист. наук _f1945- _gВалерий Сергеевич _3RU\NLR\AUTH\7758095 _941027 |
|
| 801 | 0 |
_aRU _bNLR _gpsbo |
|
| 801 | 1 |
_aRU _bELAR _2rusmarc |
|
| 852 |
_aNLR _j93-8/345 |
||
| 942 | _cBOOK | ||
| 980 | _aNB | ||